[Event "St Jean op"]
[Site "St Jean sur Richelieu"]
[Date "2004.06.26"]
[Round "2"]
[White "Dube, Roger"]
[Black "Crepault, Francois"]
[Result "0-1"]
[WhiteElo "1334"]
[BlackElo "1465"]
[PlyCount "58"]
[EventDate "2004.06.??"]
[EventType "swiss"]
[EventRounds "5"]
[EventCountry "CAN"]
[SourceTitle "EXT 2006"]
[Source "ChessBase"]
[SourceDate "2005.11.24"]
[SourceVersion "1"]
[SourceVersionDate "2005.11.24"]
[SourceQuality "1"]

1. e4 d5 2. exd5 Nf6 3. c4 c6 4. Nc3 cxd5 5. d3 dxc4 6. dxc4 Qxd1+ 7. Nxd1 e5 8. h3 Nc6 9. Bd3 Be6 10. b3 Rd8 11. Nb2 Bb4+ 12. Ke2 e4 13. Bb1 Nd4+ 14. Kf1 Ba3 15. Ne2 Bxb2 16. Bxb2 Nxb3 17. Nc3 Bxc4+ 18. Ke1 Nxa1 19. Bxa1 Bd3 20. Bxd3 exd3 21. Kd2 0-0 22. Re1 Rfe8 23. Re3 Rxe3 24. fxe3 b5 25. Nxb5 Ne4+ 26. Kd1 d2 27. Nd4 a5 28. Kc2 Rc8+ 29. Bc3 Rxc3+ 0-1

[Event "St Jean op"]
[Site "St Jean sur Richelieu"]
[Date "2004.06.25"]
[Round "1"]
[White "Belanger, Gervais"]
[Black "Dube, Roger"]
[Result "0-1"]
[WhiteElo "1084"]
[BlackElo "1334"]
[PlyCount "56"]
[EventDate "2004.06.??"]
[EventType "swiss"]
[EventRounds "5"]
[EventCountry "CAN"]
[SourceTitle "EXT 2006"]
[Source "ChessBase"]
[SourceDate "2005.11.24"]
[SourceVersion "1"]
[SourceVersionDate "2005.11.24"]
[SourceQuality "1"]

1. e4 c5 2. Nf3 d6 3. d4 cxd4 4. Nxd4 Nf6 5. Nc3 a6 6. Bg5 e6 7. Qd2 Nbd7 8. f4 Be7 9. 0-0-0 h6 10. Bxf6 Nxf6 11. h3 Qc7 12. g4 Nd7 13. Be2 b5 14. Nb3 Bb7 15. Rhg1 e5 16. Kb1 exf4 17. Qxf4 Rc8 18. Rgf1 Ne5 19. Qd2 b4 20. Nd5 Bxd5 21. exd5 Bg5 22. Qxb4 Qxc2+ 23. Ka1 0-0 24. Bxa6 Rb8 25. Qxd6 Nc4 26. Bxc4 Qxc4 27. Qc6 Qe2 28. Qc2 Qxc2 0-1